[Event "Quebec-ch classe"]
[Site "Shawinigan CAN"]
[Date "2001.11.17"]
[Round "3"]
[White "Bolduc, Steve"]
[Black "Masse, Hugues"]
[Result "0-1"]
[WhiteElo "2203"]
[BlackElo "2120"]
[PlyCount "76"]
[GameId "2160767911484917"]
[EventDate "2001.11.16"]
[EventType "swiss"]
[EventRounds "5"]
[EventCountry "CAN"]
[SourceTitle "hb 2011"]

1. Nf3 g6 2. d4 Bg7 3. c4 Nf6 4. Nc3 d5 5. Qb3 dxc4 6. Qxc4 O-O 7. e4 a6 8. e5 b5 9. Qb3 Nfd7 10. e6 fxe6 11. Qxe6+ Kh8 12. Ng5 Qe8 13. Be3 Nf6 14. Qb3 Nc6 15. O-O-O Nd8 16. Be2 h6 17. h4 Nf7 18. Bf3 Rb8 19. Ne6 Bxe6 20. Qxe6 Nd6 21. h5 gxh5 22. Rh4 Nc4 23. Rdh1 Rb6 24. Qh3 Nxe3 25. fxe3 b4 26. Ne2 Qa4 27. Kb1 b3 28. a3 Qc4 29. Ka1 Nd5 30. Rc1 Qd3 31. Bxd5 Qxe2 32. Be4 Rb5 33. Qe6 Qxe3 34. Rb1 Rf6 35. Qxe7 Qxd4 36. g3 Re5 37. Bd3 Qxd3 38. Qxe5 Qxb1+ 0-1

[Event "Quebec-ch classe"]
[Site "Shawinigan CAN"]
[Date "2001.11.18"]
[Round "4"]
[White "Ber, Yves"]
[Black "Bolduc, Steve"]
[Result "0-1"]
[WhiteElo "1920"]
[BlackElo "2203"]
[PlyCount "66"]
[GameId "2160767911484918"]
[EventDate "2001.11.16"]
[EventType "swiss"]
[EventRounds "5"]
[EventCountry "CAN"]
[SourceTitle "hb 2011"]

1. d4 Nf6 2. Nf3 g6 3. c4 Bg7 4. Nc3 O-O 5. e4 d6 6. Be2 Nc6 7. Bg5 h6 8. Bh4 Bg4 9. h3 Bxf3 10. Bxf3 Nd7 11. d5 Nd4 12. Be2 f5 13. f3 c5 14. O-O f4 15. Qd2 a6 16. Rab1 g5 17. Bf2 b6 18. Kh1 Qe8 19. b4 Ra7 20. bxc5 bxc5 21. Bd1 Qg6 22. e5 Nxe5 23. Bxd4 cxd4 24. Qxd4 Rc7 25. Ne4 Nxc4 26. Qd3 Ne3 27. Re1 h5 28. Qxa6 g4 29. Qe2 Rfc8 30. Rb5 Rc1 31. Rb7 gxh3 32. Rxe7 R8c2 33. Nd2 Qxg2+ 0-1

[Event "Quebec-ch classe"]
[Site "Shawinigan CAN"]
[Date "2001.11.18"]
[Round "4"]
[White "Chabot, Roland"]
[Black "Auger, Bertrand"]
[Result "1/2-1/2"]
[WhiteElo "2193"]
[BlackElo "2050"]
[PlyCount "67"]
[GameId "2160767911484919"]
[EventDate "2001.11.16"]
[EventType "swiss"]
[EventRounds "5"]
[EventCountry "CAN"]

1. d4 d5 2. c4 e6 3. Nc3 Be7 4. cxd5 exd5 5. Bf4 c6 6. e3 Bf5 7. g4 Be6 8. h3 Nf6 9. Bd3 O-O 10. Nf3 c5 11. Kf1 Nc6 12. Kg2 a6 13. Rc1 cxd4 14. exd4 Rc8 15. Bb1 Re8 16. Re1 Bf8 17. a3 g6 18. Bg5 h6 19. Bh4 g5 20. Bg3 Bg7 21. Ne5 Nh7 22. Qd3 Nf8 23. Nxc6 Rxc6 24. Qd2 Ng6 25. Bxg6 fxg6 26. Be5 Bf7 27. Bxg7 Kxg7 28. Rxe8 Qxe8 29. Re1 Re6 30. Rxe6 Qxe6 31. Qe3 Kf6 32. Qxe6+ Bxe6 33. Na4 Ke7 34. Nc3 1/2-1/2

[Event "Quebec-ch classe"]
[Site "Shawinigan CAN"]
[Date "2001.11.18"]
[Round "5"]
[White "Bolduc, Steve"]
[Black "Arsenault, Michel"]
[Result "1/2-1/2"]
[WhiteElo "2203"]
[BlackElo "2140"]
[PlyCount "99"]
[GameId "2160767911484920"]
[EventDate "2001.11.16"]
[EventType "swiss"]
[EventRounds "5"]
[EventCountry "CAN"]
[SourceTitle "hb 2011"]

1. Nf3 c5 2. c4 Nc6 3. d4 cxd4 4. Nxd4 e6 5. Nc3 d6 6. e4 Nf6 7. Be2 Be7 8. O-O O-O 9. Be3 a6 10. f3 Qc7 11. Qd2 Rd8 12. Rac1 Rb8 13. Rfd1 Nxd4 14. Bxd4 b6 15. Bf1 Bd7 16. Qf2 Qb7 17. a4 Be8 18. Kh1 Nd7 19. b4 Ne5 20. a5 bxa5 21. bxa5 Qb4 22. Bb6 Rdc8 23. c5 Rxb6 24. axb6 Rxc5 25. Rb1 Qxc3 26. b7 Nc6 27. b8=Q Nxb8 28. Rxb8 Rc8 29. Qa7 Bf8 30. Bxa6 Rxb8 31. Qxb8 Bc6 32. Qc8 Qc2 33. Rf1 Qa4 34. Rc1 Bb5 35. Bxb5 Qxb5 36. h3 d5 37. e5 d4 38. f4 Qe2 39. Qa8 Qe3 40. Rc8 Qe1+ 41. Kh2 Qb4 42. Qe4 g6 43. Rd8 Kg7 44. Qxd4 Qe1 45. Rd7 Qf1 46. Kg3 h5 47. h4 Qe2 48. Qf2 Qg4+ 49. Kh2 Bc5 50. Qxc5 1/2-1/2

[Event "Quebec-ch final"]
[Site "Montreal CAN"]
[Date "2001.06.09"]
[Round "1.1"]
[White "Gaspariants, Vladimir"]
[Black "Khassanov, Marat"]
[Result "1-0"]
[WhiteElo "2195"]
[BlackElo "2438"]
[PlyCount "171"]
[GameId "2160767911564515"]
[EventDate "2001.06.09"]
[EventType "k.o."]
[EventRounds "3"]
[EventCountry "CAN"]

1. e4 Nf6 2. d3 d5 3. e5 Nfd7 4. f4 e6 5. Nf3 c5 6. c4 Nb6 7. b3 Nc6 8. Bb2 Be7 9. Be2 O-O 10. O-O f6 11. Nbd2 Bd7 12. Qe1 a5 13. exf6 Bxf6 14. Ne5 Nxe5 15. fxe5 Bg5 16. Bg4 Rxf1+ 17. Nxf1 Qe7 18. Nd2 d4 19. Bf3 Be8 20. Be4 Bc6 21. Bxc6 Be3+ 22. Kh1 Bxd2 23. Qxd2 bxc6 24. a4 Qc7 25. Re1 Nd7 26. Qg5 Rf8 27. Kg1 Rf7 28. Bc1 Nf8 29. Bd2 Rf5 30. Qg3 Ng6 31. Rf1 Qf7 32. Rxf5 Qxf5 33. Qf3 Qxe5 34. Bxa5 Qg5 35. Qg3 Qh5 36. Qe1 Nf4 37. Bd2 Nxd3 38. Qxe6+ Kf8 39. g4 Qe5 40. Qxe5 Nxe5 41. Bf4 Nd3 42. Bd6+ Ke8 43. Kf1 Kd7 44. Bf8 g6 45. Bh6 Nb4 46. Ke2 Ke6 47. Bf8 Na6 48. Kf3 Kf7 49. Bh6 Kf6 50. h4 Ke5 51. Bf4+ Ke6 52. Ke4 Nb4 53. Bd2 Na6 54. Ba5 Kd6 55. Kf4 Ke6 56. Bd2 Kf6 57. Ke4 Ke6 58. h5 Kd6 59. hxg6 hxg6 60. Kf4 Ke6 61. Kg5 Kf7 62. Be1 Nc7 63. Kf4 Ke6 64. Ke4 Na6 65. Ba5 Kf6 66. Bd8+ Ke6 67. Kf4 Nb4 68. Ba5 Na6 69. Bd2 Kf6 70. Ke4 Ke6 71. Kd3 Ke5 72. a5 Nc7 73. Be1 Na6 74. Bg3+ Ke6 75. Bf4 Nb4+ 76. Ke4 Na6 77. Bg3 Kf6 78. Be1 Ke6 79. b4 cxb4 80. Kxd4 Kf6 81. Bd2 Ke6 82. Bxb4 Nxb4 83. Kc5 Na6+ 84. Kxc6 Ke5 85. Kb6 Nb4 86. a6 1-0

[Event "Quebec-ch final"]
[Site "Montreal CAN"]
[Date "2001.06.09"]
[Round "1.1"]
[White "Voskanyan, Vahagn"]
[Black "Bolduc, Steve"]
[Result "1-0"]
[WhiteElo "2391"]
[BlackElo "2205"]
[PlyCount "69"]
[GameId "2160767911564518"]
[EventDate "2001.06.09"]
[EventType "k.o."]
[EventRounds "3"]
[EventCountry "CAN"]

1. Nf3 d5 2. d4 Nf6 3. c4 e6 4. Nc3 dxc4 5. e3 c5 6. Bxc4 a6 7. a4 Nc6 8. O-O Be7 9. b3 O-O 10. Bb2 cxd4 11. exd4 Nb4 12. Re1 b6 13. Qe2 Nbd5 14. Nxd5 Nxd5 15. Ne5 Bb7 16. Qg4 Bb4 17. Red1 Re8 18. Rd3 f6 19. Rg3 Qc7 20. Nd3 Bd6 21. Rh3 Qf7 22. f4 Qg6 23. Qe2 Bc6 24. f5 Qxf5 25. Rf1 Qg6 26. b4 b5 27. axb5 Bxb5 28. Bxb5 axb5 29. Bc1 Kh8 30. Rh4 Nc3 31. Qf3 f5 32. Bf4 Bxf4 33. Nxf4 Qf6 34. Qh3 h6 35. Qxc3 1-0

[Event "Quebec-ch final"]
[Site "Montreal CAN"]
[Date "2001.06.10"]
[Round "1.2"]
[White "Bolduc, Steve"]
[Black "Voskanyan, Vahagn"]
[Result "1-0"]
[WhiteElo "2205"]
[BlackElo "2391"]
[PlyCount "107"]
[GameId "2160767911564520"]
[EventDate "2001.06.09"]
[EventType "k.o."]
[EventRounds "3"]
[EventCountry "CAN"]

1. c4 c5 2. Nf3 Nf6 3. d4 cxd4 4. Nxd4 Nc6 5. g3 g6 6. Bg2 Bg7 7. O-O O-O 8. Nc3 Nxd4 9. Qxd4 d6 10. Qd2 Rb8 11. b3 Bf5 12. Bb2 Qd7 13. Rfe1 Rfc8 14. Rac1 h5 15. e4 Bh3 16. Nd5 Nxd5 17. Bxg7 Kxg7 18. Bxh3 Qxh3 19. exd5 Qd7 20. Qe3 b5 21. Qxe7 Qxe7 22. Rxe7 a5 23. Rd7 Rb6 24. Re1 bxc4 25. bxc4 Rxc4 26. Ree7 Kf6 27. Rxf7+ Ke5 28. Rg7 h4 29. Kg2 hxg3 30. hxg3 Kxd5 31. Rxg6 Ra4 32. Ra7 Kc5 33. g4 Rxa2 34. g5 Rb4 35. Rc7+ Kb5 36. Rc3 d5 37. Rf6 Rg4+ 38. Rg3 Rxg3+ 39. Kxg3 Re2 40. g6 Re8 41. f4 a4 42. Rf7 d4 43. g7 Rg8 44. f5 d3 45. f6 a3 46. Rf8 a2 47. Rxg8 a1=Q 48. Rb8+ Kc5 49. g8=Q Qe5+ 50. Kh4 Qf4+ 51. Kh3 Qxf6 52. Qf8+ Qxf8 53. Rxf8 Kd4 54. Kg3 1-0

[Event "Quebec-ch final"]
[Site "Montreal CAN"]
[Date "2001.06.10"]
[Round "1.2"]
[White "Khassanov, Marat"]
[Black "Gaspariants, Vladimir"]
[Result "1-0"]
[WhiteElo "2438"]
[BlackElo "2195"]
[PlyCount "107"]
[GameId "2160767911564522"]
[EventDate "2001.06.09"]
[EventType "k.o."]
[EventRounds "3"]
[EventCountry "CAN"]

1. d4 Nf6 2. c4 d6 3. Nc3 e5 4. Nf3 exd4 5. Nxd4 g6 6. g3 Bg7 7. Bg2 Nbd7 8. O-O O-O 9. h3 c6 10. b3 a5 11. Bb2 Nc5 12. e4 Qb6 13. Rb1 Re8 14. Re1 Nfd7 15. Ba1 Ne5 16. Re3 a4 17. Nce2 axb3 18. axb3 Na6 19. Nc2 Nb4 20. Bd4 c5 21. Nxb4 cxd4 22. Nd5 Qc5 23. Nxd4 Nxc4 24. Rc3 Nb2 25. Rxc5 Nxd1 26. Rc4 Nb2 27. Rxb2 Ra1+ 28. Kh2 Rd1 29. Rxc8 Rxc8 30. Ne7+ Kf8 31. Nxc8 Bxd4 32. Rc2 Rb1 33. Nxd6 Rxb3 34. f4 f6 35. Bf1 h5 36. Bc4 Rb1 37. Nb5 Bg1+ 38. Kg2 h4 39. Nc3 Ra1 40. gxh4 Bc5 41. Nd5 Kg7 42. Rb2 b6 43. Nc7 Rc1 44. Bd5 Kh6 45. Ne6 Kh5 46. Nxc5 bxc5 47. Re2 c4 48. e5 fxe5 49. fxe5 c3 50. Bb3 Rb1 51. e6 Rxb3 52. e7 c2 53. e8=Q c1=Q 54. Re5+ 1-0

[Event "Quebec-ch final"]
[Site "Montreal CAN"]
[Date "2001.06.10"]
[Round "1.3"]
[White "Bolduc, Steve"]
[Black "Voskanyan, Vahagn"]
[Result "1-0"]
[WhiteElo "2205"]
[BlackElo "2391"]
[PlyCount "75"]
[GameId "2160767911564523"]
[EventDate "2001.06.09"]
[EventType "k.o."]
[EventRounds "3"]
[EventCountry "CAN"]

1. d4 d5 2. Nf3 Nf6 3. c4 e6 4. cxd5 exd5 5. Nc3 Be7 6. Bf4 c6 7. Qc2 Nbd7 8. h3 Nf8 9. e3 Ng6 10. Bh2 Bd6 11. Ne5 Qe7 12. f4 O-O 13. Bd3 c5 14. O-O-O c4 15. Be2 Bd7 16. g4 Bc6 17. g5 Nd7 18. h4 f6 19. gxf6 Qxf6 20. Bg4 Nb6 21. h5 Ne7 22. h6 g6 23. Bg3 Nf5 24. Bf2 Nc8 25. e4 dxe4 26. d5 Bxe5 27. dxc6 Bxf4+ 28. Kb1 Qxc6 29. Bxf5 Rxf5 30. Rd8+ Rf8 31. Rxf8+ Kxf8 32. Nxe4 Be5 33. Bc5+ Kg8 34. Rf1 Nb6 35. Ka1 Rd8 36. Qf2 Nd7 37. Qf7+ Kh8 38. Bf8 1-0

[Event "Quebec-ch final"]
[Site "Montreal CAN"]
[Date "2001.06.10"]
[Round "1.3"]
[White "Khassanov, Marat"]
[Black "Gaspariants, Vladimir"]
[Result "1/2-1/2"]
[WhiteElo "2438"]
[BlackElo "2195"]
[PlyCount "98"]
[GameId "2160767911564524"]
[EventDate "2001.06.09"]
[EventType "k.o."]
[EventRounds "3"]
[EventCountry "CAN"]

1. d4 Nf6 2. Nf3 d6 3. Bg5 Nbd7 4. Nbd2 h6 5. Bxf6 Nxf6 6. e3 g6 7. Bd3 Bg7 8. O-O O-O 9. c3 c6 10. a4 Qc7 11. Nc4 Nd5 12. e4 Nf4 13. e5 dxe5 14. Ncxe5 c5 15. Re1 cxd4 16. cxd4 Nxd3 17. Qxd3 Bf5 18. Qa3 Rac8 19. g4 f6 20. gxf5 fxe5 21. fxg6 Qc6 22. Nxe5 Bxe5 23. Rxe5 Rf3 24. Qxe7 Qxg6+ 25. Kh1 Rxf2 26. Rg1 Rg2 27. Qe6+ Qxe6 28. Rxg2+ Kf7 29. Rxe6 Kxe6 30. Rd2 Kd5 31. Kg2 Rc4 32. b3 Rc3 33. b4 Rb3 34. b5 Ra3 35. b6 a6 36. Rc2 Rxa4 37. Rc7 Kxd4 38. Rxb7 Kc5 39. Rh7 Kxb6 40. Rxh6+ Kc5 41. Kg3 a5 42. h4 Rd4 43. h5 a4 44. Ra6 Kb4 45. h6 a3 46. h7 Rd8 47. Kg4 Kb3 48. Kg5 a2 49. Rxa2 Kxa2 1/2-1/2

[Event "Quebec-ch final"]
[Site "Montreal CAN"]
[Date "2001.06.10"]
[Round "1.4"]
[White "Gaspariants, Vladimir"]
[Black "Khassanov, Marat"]
[Result "0-1"]
[WhiteElo "2195"]
[BlackElo "2438"]
[PlyCount "86"]
[GameId "2160767911564525"]
[EventDate "2001.06.09"]
[EventType "k.o."]
[EventRounds "3"]
[EventCountry "CAN"]

1. e4 Nf6 2. d3 d5 3. e5 Nfd7 4. f4 e6 5. Nf3 Be7 6. g3 O-O 7. Bh3 c5 8. O-O Nc6 9. c3 b5 10. Be3 a5 11. Nbd2 Ba6 12. d4 b4 13. Rf2 bxc3 14. bxc3 cxd4 15. cxd4 Nb4 16. f5 exf5 17. Bxf5 Bd3 18. Bxd3 Nxd3 19. Rf1 Qb6 20. Rb1 Qa6 21. Bg5 f6 22. exf6 Bxf6 23. Bxf6 Nxf6 24. Ne5 Nb4 25. a3 Nc6 26. Ndf3 Rac8 27. Nxc6 Qxc6 28. Ne5 Qd6 29. Qa4 Rc3 30. Qxa5 Rxa3 31. Qc5 Qxc5 32. dxc5 Rc8 33. Rfc1 d4 34. c6 d3 35. c7 d2 36. Rc2 Ne4 37. Rc4 Nc3 38. Rd4 Ne2+ 39. Kf2 Nxd4 40. Rb8 Ra8 41. Rxa8 Rxa8 42. Nd7 d1=Q 43. Nb8 Qf3+ 0-1

[Event "Quebec-ch qual. 1"]
[Site "Montreal CAN"]
[Date "2001.04.27"]
[Round "1"]
[White "Boulay, David"]
[Black "Mathews, Theo"]
[Result "1-0"]
[WhiteElo "2105"]
[BlackElo "1577"]
[PlyCount "111"]
[GameId "2160767911564900"]
[EventDate "2001.04.27"]
[EventType "swiss"]
[EventRounds "5"]
[EventCountry "CAN"]
[SourceTitle "hb 2012"]

1. e4 e5 2. Nf3 Nf6 3. Nc3 Nc6 4. d4 exd4 5. Nxd4 Bc5 6. Be3 Nxd4 7. Bxd4 Bxd4 8. Qxd4 d6 9. O-O-O O-O 10. f3 Be6 11. g4 Nd7 12. h4 Qf6 13. Qxf6 Nxf6 14. Be2 a6 15. Rhg1 b5 16. a3 Rfd8 17. f4 c5 18. g5 Ne8 19. f5 Bd7 20. Nd5 Kf8 21. f6 Be6 22. fxg7+ Kxg7 23. Nf4 Bd7 24. h5 Bc6 25. h6+ Kh8 26. Bf3 b4 27. axb4 cxb4 28. Rd4 a5 29. Bh5 Rd7 30. Rf1 Re7 31. Ne2 Raa7 32. Ng3 Rab7 33. b3 a4 34. bxa4 Bxa4 35. Nf5 Rec7 36. Nxd6 Rxc2+ 37. Kb1 Nxd6 38. Rxd6 Rc8 39. Bxf7 Bc2+ 40. Kb2 Bxe4 41. Bb3 Bg6 42. Rdf6 Rbb8 43. R1f4 Re8 44. Be6 Red8 45. Bd7 Bd3 46. Kb3 Be2 47. Rf7 Bd1+ 48. Kb2 Bh5 49. R7f6 Rg8 50. Be6 Rgd8 51. Bc4 Rd2+ 52. Kc1 Rd1+ 53. Kb2 Rdd8 54. Rf1 Rbc8 55. Kb3 Rxc4 56. Rf8+ 1-0

[Event "Quebec-ch qual. 1"]
[Site "Montreal CAN"]
[Date "2001.04.27"]
[Round "1"]
[White "Desjardins, Andre"]
[Black "Colucci, John"]
[Result "1-0"]
[WhiteElo "2162"]
[BlackElo "1603"]
[PlyCount "79"]
[GameId "2160767911564901"]
[EventDate "2001.04.27"]
[EventType "swiss"]
[EventRounds "5"]
[EventCountry "CAN"]
[SourceTitle "EXT 2022"]
[Source "ChessBase"]
[SourceDate "2021.10.06"]
[SourceVersion "1"]
[SourceVersionDate "2021.10.06"]
[SourceQuality "1"]

1. e4 c5 2. Nf3 Nc6 3. d4 cxd4 4. Nxd4 Nf6 5. Nc3 d6 6. Bg5 e6 7. Qd2 Be7 8. O-O-O a6 9. f4 Qc7 10. Be2 O-O 11. Bf3 Rd8 12. Rhe1 Rb8 13. Qe3 Na5 14. Be2 b5 15. e5 dxe5 16. fxe5 Ne8 17. Bxe7 Qxe7 18. Ne4 Bb7 19. Nb3 Nxb3+ 20. axb3 Bd5 21. Bd3 Bxe4 22. Bxe4 Nc7 23. Qa7 Nd5 24. Qxe7 Nxe7 25. Rxd8+ Rxd8 26. Rd1 Rxd1+ 27. Kxd1 Ng6 28. Bxg6 hxg6 29. Kd2 Kf8 30. Kc3 Ke7 31. Kb4 f6 32. exf6+ gxf6 33. Kc5 g5 34. c4 e5 35. Kd5 Kd7 36. h3 e4 37. Kxe4 Ke6 38. g3 f5+ 39. Kf3 bxc4 40. bxc4 1-0

[Event "Quebec-ch qual. 1"]
[Site "Montreal CAN"]
[Date "2001.04.27"]
[Round "1"]
[White "Francoeur, Francois"]
[Black "Fillion, Steve"]
[Result "1/2-1/2"]
[WhiteElo "1604"]
[BlackElo "2138"]
[PlyCount "124"]
[GameId "2160767911564902"]
[EventDate "2001.04.27"]
[EventType "swiss"]
[EventRounds "5"]
[EventCountry "CAN"]
[SourceTitle "hb 2012"]

1. e4 e6 2. d4 d5 3. exd5 exd5 4. Nf3 Nf6 5. Bf4 Bd6 6. Bxd6 Qxd6 7. Bd3 Qb4+ 8. c3 Qxb2 9. O-O O-O 10. Qb3 Qxb3 11. axb3 Nc6 12. Nbd2 Be6 13. Rfb1 Ne7 14. Re1 Rfe8 15. Ne5 Nd7 16. Nef3 g6 17. b4 a6 18. Nb3 Bf5 19. Bf1 Bc2 20. Nc5 Nxc5 21. bxc5 Nc6 22. Rec1 Bf5 23. Ra2 Na7 24. Rca1 Rab8 25. Ne5 f6 26. Nd3 Nb5 27. Nf4 c6 28. c4 Nxd4 29. cxd5 cxd5 30. Nxd5 Kg7 31. Ne3 Be6 32. Bc4 Bxc4 33. Nxc4 Nb3 34. Nd6 Nxa1 35. Nxe8+ Rxe8 36. Rxa1 Rc8 37. Rb1 Rc7 38. g3 f5 39. Rb6 Kf7 40. c6 bxc6 41. Rxa6 c5 42. Kf1 c4 43. Ke1 c3 44. Kd1 Rd7+ 45. Kc2 Rd2+ 46. Kxc3 Rxf2 47. Ra7+ Kg8 48. Kd4 Rxh2 49. Ke5 Rb2 50. Kf6 Rb6+ 51. Kg5 Rb3 52. Kf6 Rb8 53. Kg5 f4 54. Kxf4 Rf8+ 55. Kg4 Rf7 56. Ra6 Kg7 57. Rb6 Rc7 58. Ra6 Rc4+ 59. Kh3 h5 60. Ra7+ Kh6 61. Ra6 Rc5 62. Kh4 Re5 1/2-1/2

[Event "Quebec-ch qual. 1"]
[Site "Montreal CAN"]
[Date "2001.04.27"]
[Round "1"]
[White "Nadon, Jonathan"]
[Black "Soudre, Nicolas"]
[Result "0-1"]
[WhiteElo "1612"]
[BlackElo "2176"]
[PlyCount "54"]
[GameId "2160767911564903"]
[EventDate "2001.04.27"]
[EventType "swiss"]
[EventRounds "5"]
[EventCountry "CAN"]
[SourceTitle "hb 2012"]

1. e4 e6 2. d4 d5 3. Nd2 Nf6 4. e5 Nfd7 5. Bd3 c5 6. c3 cxd4 7. cxd4 Nc6 8. Ne2 Qb6 9. Nf3 f6 10. exf6 Nxf6 11. O-O Bd6 12. Nc3 O-O 13. Be3 Qd8 14. Re1 Bd7 15. Rc1 Rc8 16. Bg5 Kh8 17. Qd2 a6 18. a3 Qc7 19. Ne5 Be8 20. Nxc6 Bxc6 21. h3 Qf7 22. Rc2 Rce8 23. Bf4 Ne4 24. Nxe4 Bxf4 25. Ng5 Qh5 26. Qb4 Bxg5 27. Bxa6 Qg6 0-1

[Event "Quebec-ch qual. 1"]
[Site "Montreal CAN"]
[Date "2001.04.27"]
[Round "1"]
[White "Vanasse, Gilbert"]
[Black "Malveau, Cedric"]
[Result "0-1"]
[WhiteElo "1433"]
[BlackElo "1940"]
[PlyCount "116"]
[GameId "2160767911564904"]
[EventDate "2001.04.27"]
[EventType "swiss"]
[EventRounds "5"]
[EventCountry "CAN"]
[SourceTitle "hb 2012"]

1. e4 c5 2. Nc3 Nc6 3. g3 g6 4. Bg2 Bg7 5. Nge2 e6 6. O-O Nge7 7. d3 O-O 8. a3 d5 9. exd5 exd5 10. Rb1 Bf5 11. Bf4 Qd7 12. Qc1 Bh3 13. Re1 Bxg2 14. Kxg2 Nf5 15. b4 cxb4 16. axb4 b6 17. Qa3 Ncd4 18. Qa2 Nxe2 19. Nxe2 Rac8 20. c4 dxc4 21. dxc4 Qc6+ 22. Kg1 Qxc4 23. Qxa7 Rfe8 24. Be3 Nxe3 25. fxe3 Rxe3 26. Rbc1 Qe6 27. Rxc8+ Qxc8 28. Qxb6 Qe8 29. Kf2 Re4 30. Kf1 h5 31. Rd1 Qe7 32. Qb8+ Kh7 33. Nf4 Rxb4 34. Qd6 Qe4 35. Qd5 Qxd5 36. Nxd5 Rb2 37. Kg1 Be5 38. Ne3 Bb8 39. Kh1 h4 40. Nf1 hxg3 41. Nxg3 Bxg3 42. hxg3 Kh6 43. Rd7 f6 44. Rf7 Kg5 45. Rc7 Kg4 46. Rc3 Rf2 47. Kg1 Rf3 48. Rc4+ Kxg3 49. Rc2 g5 50. Rg2+ Kf4 51. Kh2 g4 52. Rb2 f5 53. Rb4+ Kg5 54. Kg2 Re3 55. Kf2 Re4 56. Rb5 Kf4 57. Rb3 g3+ 58. Kf1 Re3 0-1

[Event "Quebec-ch qual. 1"]
[Site "Montreal CAN"]
[Date "2001.04.28"]
[Round "2"]
[White "Brassard, Sylvain"]
[Black "Desjardins, Andre"]
[Result "0-1"]
[WhiteElo "1886"]
[BlackElo "2162"]
[PlyCount "65"]
[GameId "2160767911564905"]
[EventDate "2001.04.27"]
[EventType "swiss"]
[EventRounds "5"]
[EventCountry "CAN"]
[SourceTitle "hb 2012"]

1. Nf3 Nf6 2. d4 g6 3. g3 Bg7 4. Bg2 O-O 5. O-O d6 6. c4 Nc6 7. Nc3 e5 8. dxe5 dxe5 9. Qxd8 Rxd8 10. Bg5 Be6 11. Bxf6 Bxf6 12. Ne4 Be7 13. b3 f5 14. Neg5 Bd7 15. h4 h6 16. Nh3 e4 17. Nd2 g5 18. hxg5 hxg5 19. Rfd1 Be6 20. Rac1 Rd7 21. Nb1 Rad8 22. Nc3 Rxd1+ 23. Rxd1 Rxd1+ 24. Nxd1 Nb4 25. a4 Nc2 26. Nc3 c6 27. Nb1 Nd4 28. e3 Nxb3 29. Bf1 Kf7 30. Kg2 Kf6 31. Ng1 Na5 32. f4 gxf4 33. gxf4 0-1

[Event "Quebec-ch qual. 1"]
[Site "Montreal CAN"]
[Date "2001.04.28"]
[Round "2"]
[White "Fillion, Steve"]
[Black "Solar, Dariusz"]
[Result "1-0"]
[WhiteElo "2130"]
[BlackElo "1779"]
[PlyCount "59"]
[GameId "2160767911564906"]
[EventDate "2001.04.27"]
[EventType "swiss"]
[EventRounds "5"]
[EventCountry "CAN"]
[SourceTitle "hb 2012"]

1. d4 d5 2. Nf3 Nf6 3. c4 e6 4. Nc3 Be7 5. e3 O-O 6. Bd3 dxc4 7. Bxc4 Nbd7 8. O-O Nb6 9. Bb3 c5 10. Qe2 a6 11. Rd1 cxd4 12. Nxd4 Qc7 13. e4 e5 14. Nf5 Bxf5 15. exf5 Rad8 16. Be3 Nbd7 17. Rac1 Qb8 18. Nd5 Nxd5 19. Rxd5 Nf6 20. Rxd8 Rxd8 21. Bb6 Rc8 22. Rd1 Bc5 23. Ba5 Bd4 24. Kh1 Qa7 25. h3 Qc5 26. Bd2 Qc6 27. Be3 Qe4 28. Qd2 Qxf5 29. Bxd4 Ne4 30. Qa5 1-0

[Event "Quebec-ch qual. 1"]
[Site "Montreal CAN"]
[Date "2001.04.28"]
[Round "2"]
[White "Gilbert, Erick"]
[Black "Boulay, David"]
[Result "0-1"]
[WhiteElo "1862"]
[BlackElo "2105"]
[PlyCount "82"]
[GameId "2160767911564907"]
[EventDate "2001.04.27"]
[EventType "swiss"]
[EventRounds "5"]
[EventCountry "CAN"]
[SourceTitle "hb 2012"]

1. Nf3 Nf6 2. g3 g6 3. Bg2 Bg7 4. O-O O-O 5. d3 d6 6. e4 c5 7. Nbd2 Nc6 8. c3 e5 9. Nc4 d5 10. exd5 Nxd5 11. Re1 Re8 12. Bg5 f6 13. Be3 Nxe3 14. Nxe3 Be6 15. Nc4 Qd7 16. Qe2 Rad8 17. Red1 Qf7 18. b3 Rd7 19. Ne3 Red8 20. Bf1 h6 21. h3 a6 22. Kh2 b5 23. Qc2 f5 24. Be2 f4 25. Ng2 g5 26. g4 Bd5 27. Nge1 b4 28. cxb4 cxb4 29. Rac1 Bf8 30. d4 e4 31. Ne5 Nxe5 32. dxe5 f3 33. Bc4 Qf4+ 34. Kg1 Qxe5 35. Rxd5 Rxd5 36. Nxf3 exf3 37. Qg6+ Bg7 38. Qd3 Kh8 39. Bxd5 Qxd5 40. Qxa6 Qd1+ 41. Qf1 Qe2 0-1

[Event "Quebec-ch qual. 1"]
[Site "Montreal CAN"]
[Date "2001.04.28"]
[Round "2"]
[White "Lefebvre, Gabriel"]
[Black "Gauthier, Denis"]
[Result "0-1"]
[WhiteElo "1157"]
[BlackElo "1952"]
[PlyCount "74"]
[GameId "2160767911564909"]
[EventDate "2001.04.27"]
[EventType "swiss"]
[EventRounds "5"]
[EventCountry "CAN"]
[SourceTitle "hb 2012"]

1. d4 Nf6 2. c4 e6 3. Nf3 b6 4. a3 c5 5. d5 Ba6 6. dxe6 fxe6 7. b3 Be7 8. Nbd2 Bb7 9. e3 O-O 10. Bb2 d6 11. Bd3 e5 12. Qc2 Nbd7 13. Ng5 Ng4 14. Bxh7+ Kh8 15. Ne6 Qe8 16. Nxf8 Qxf8 17. O-O-O Ndf6 18. Qg6 Bc6 19. h3 Nh6 20. Qc2 Nxh7 21. f3 a6 22. e4 Ng5 23. Nf1 Ne6 24. Ne3 Bg5 25. Qf2 Nd4 26. Rd3 Bxe4 27. Rc3 Bh7 28. h4 Ng4 29. hxg5 Nxf2 30. Rh2 Qf4 31. Rh5 Kg8 32. Kd2 Bg6 33. Rh3 Nxh3 34. gxh3 Qxf3 35. Nd1 Qe2+ 36. Kc1 Rf8 37. Ne3 Qe1+ 0-1

[Event "Quebec-ch qual. 1"]
[Site "Montreal CAN"]
[Date "2001.04.28"]
[Round "2"]
[White "Malveau, Cedric"]
[Black "Leveille, Alain"]
[Result "1-0"]
[WhiteElo "1940"]
[BlackElo "1664"]
[PlyCount "79"]
[GameId "2160767911564910"]
[EventDate "2001.04.27"]
[EventType "swiss"]
[EventRounds "5"]
[EventCountry "CAN"]
[SourceTitle "hb 2012"]

1. e4 e6 2. d4 d5 3. Nc3 Bb4 4. Bd2 Bxc3 5. Bxc3 dxe4 6. Qg4 Nf6 7. Qxg7 Rg8 8. Qh6 Rg6 9. Qh4 Rg4 10. Qh3 e5 11. dxe5 Rf4 12. Rd1 Qxd1+ 13. Kxd1 Bxh3 14. Nxh3 Nd5 15. Nxf4 Nxf4 16. Bc4 Nd7 17. g3 Nh3 18. Ke2 Nb6 19. Bb3 h6 20. Rd1 Ng5 21. h4 Ne6 22. Bxe6 fxe6 23. Ke3 Nd5+ 24. Kxe4 Rd8 25. Rd3 c5 26. Bd2 h5 27. c4 Nc7 28. Rxd8+ Kxd8 29. Kf4 Ne8 30. Kg5 Ng7 31. Kf6 Nf5 32. Kxe6 Nd4+ 33. Kf6 Kd7 34. f4 a6 35. f5 b5 36. cxb5 axb5 37. e6+ Ke8 38. Be3 Ne2 39. Bxc5 Nxg3 40. Ke5 1-0

[Event "Quebec-ch qual. 1"]
[Site "Montreal CAN"]
[Date "2001.04.28"]
[Round "2"]
[White "Rivest, Jean-Michel"]
[Black "Paz, Roman"]
[Result "0-1"]
[WhiteElo "1423"]
[BlackElo "2039"]
[PlyCount "70"]
[GameId "2160767911564911"]
[EventDate "2001.04.27"]
[EventType "swiss"]
[EventRounds "5"]
[EventCountry "CAN"]
[SourceTitle "hb 2012"]

1. e4 d6 2. d4 f5 3. Nc3 Nf6 4. Bd3 Nc6 5. d5 Nd4 6. Be3 c5 7. dxc6 Nxc6 8. exf5 Qa5 9. g4 Qb4 10. g5 Nd7 11. Qh5+ Kd8 12. Rb1 Nde5 13. Be4 Nc4 14. Nge2 Nxe3 15. fxe3 Qc5 16. Nd5 Bxf5 17. Bxf5 Qxd5 18. Ng3 Ne5 19. Be4 Qc5 20. Qe2 Rc8 21. b3 Qa5+ 22. Qd2 Qxa2 23. Ke2 Qa6+ 24. c4 g6 25. Ra1 Qb6 26. Ra5 Rc5 27. Rxc5 Qxc5 28. Bxb7 Bg7 29. Bd5 Rf8 30. Qd4 Qa3 31. Ra1 Qxb3 32. Ne4 Nxc4 33. Qxa7 Qc2+ 34. Ke1 Bc3+ 35. Nxc3 Qd2# 0-1